header

Cornea and refractive surgery (Record no. 85913)

MARC details
000 -LEADER
fixed length control field 01468nam a2200325Ia 4500
245 10 - TITLE STATEMENT
Title Cornea and refractive surgery
260 ## - PUBLICATION, DISTRIBUTION, ETC. (IMPRINT)
Place of publication The Hague ;
-- New York :
Name of publisher Kugler Publications,
Year of publication c1998.
300 ## - PHYSICAL DESCRIPTION
Number of Pages ix, 306 p. :
Other physical details ill. (some col.)
650 #0 - SUBJECT ADDED ENTRY--TOPICAL TERM
Topical Term Cornea
Topical Term Eye
700 1# - ADDED ENTRY--PERSONAL NAME
Personal name Long, Daniel A.
856 40 - ELECTRONIC LOCATION AND ACCESS
Uniform Resource Identifier http://site.ebrary.com/lib/rucke/Doc?id=10579775

No items available.

© 2026 Rongo University
Contact us: librarian | system librarian | Rongo university